000 01406cam a22003251i 4500
003 SA-RiAUC
005 20250328125111.0
008 250328s1988 ku f b 000 0 ara c
020 _z9771422080
040 _aJO-MaAABU
_bara
_cSA-RiAUC
_erda
043 _aa-ku---
050 0 _bS422 1988
082 0 4 _a346.538077
_qSA-RiAUC
090 _a346.538077
_b ش ا هـ
100 1 _aشاهين، إسماعيل عبد النبي عبد الجواد
_eمؤلف.
245 1 0 _aأحكام مطالبة المدينين المتضامنين بالدين في القانون المدني :
_bدراسة مقارنة بالفقه الإسلامي /
_cإسماعيل عبد النبي شاهين.
250 _aالطبعة الأولى.
264 1 _aالكويت :
_bدار ابن قتيبة،
_c1988
300 _a204 صفحة ؛
_c24 سم
336 _aنص
_btxt
_2rdacontent
_3كتاب
337 _aبدون وسيط
_bn
_2rdamedia
338 _aمجلد
_bnc
_2rdacarrier
504 _aببليوجرافية : صفحة 181-191.
650 7 _aالديون (فقه إسلامي)
_2aucsh
650 7 _aالقانون التجاري
_zالكويت
_2aucsh
650 7 _aالديون
_xقوانين وتشريعات
_zالكويت
_2aucsh
650 7 _aالبنوك
_xقوانين وتشريعات
_zالكويت
_2aucsh
942 _2ddc
_cBOOK
_n0
949 _aSA-JeALM
_d250328
_ueid123
_n1
999 _c6674
_d6674